000 00411nam a22001697a 4500
005 20180319170205.0
008 160618b xxu||||| |||| 00| 0 eng d
020 _a81-203-2311-4
041 _aeng
082 _b8115
_a337
100 _aSawyer, W Charles and Sprinkle Richard L
_94213
245 _aInternational Economics
260 _bPHI
_c2004
300 _a409
650 _aManagement
_9241
942 _cBK
999 _c3082
_d3081